| 000 | 00713nam a22001337a 4500 | ||
|---|---|---|---|
| 040 | _cRUA | ||
| 082 | _aAGR CHH 2010 B045 Or.1 | ||
| 100 | _aCHHOR, KIMHOANG. | ||
| 245 | _aeffect of using different amount of substrate on growth and products of straw mushroom (ប្រសិទ្ធភាពនៃការប្រើប្រាស់បរិមាណវត្តុធាតុដើមខុសៗគ្នា ទៅលើការលូតលាស់និង ទិន្នផលរបស់ផ្សិតឈួន) | ||
| 260 |
_aPhnom Penh _bRUA _c2010 |
||
| 300 |
_axii, 43p. _bill. _c29cm. |
||
| 856 | _uhttps://drive.google.com/file/d/1EV9ab-ya20h5npexXQelm5zf-w2fHTl0/view?usp=sharing | ||
| 942 | _cAGR | ||
| 999 |
_c1051 _d1051 |
||